| 000 | 02201nam a2200457 c 4500 | ||
|---|---|---|---|
| 999 |
_c122173 _d122173 |
||
| 003 | BLK | ||
| 005 | 20240319131850.0 | ||
| 008 | 180409b bul|||||r ||||||| ||bul|| | ||
| 010 | _aKNG00127808000 | ||
| 040 | _aBLK | ||
| 041 |
_aBUL _cBUL |
||
| 072 | 7 |
_2bullib _aЦ _xРедки и ценни |
|
| 080 |
_aОрганизация на възпитанието и образованието. Училищно дело. _b37.09 _x(497.2)(091)(092) _z37.09(497.2)(091)(092) |
||
| 080 |
_aПросветен деец, дарител, писател от времето на Българското Възраждане. _b929 Априлов, Васил Евстатиев _z929 Априлов, Васил Евстатиев |
||
| 139 |
_aВасил Евстатиев Априлов _bА 79 |
||
| 245 | 1 | 0 |
_aВасил Евстатиев Априлов _bОписание на тържественото отпразнуване 100 год. от рождението му на 20 юли 1889 г. в Габрово, уредено от Габров. гр. общин. управление |
| 257 | _aBGR | ||
| 260 |
_bпеч. Дружба _c1889 _aГаброво |
||
| 300 |
_a21 с. _c18 см |
||
| 380 | _a3 | ||
| 490 |
_9435080 _aКолекция Редки и ценни издания |
||
| 500 | _aПодв. с 6 кн. | ||
| 600 | 0 |
_aАприлов, Васил Евстатиев _d1789 - 1847 _gПросветен и книжовен деец _9367421 |
|
| 650 | 4 |
_aПросветно движение - България _9285748 |
|
| 650 | 4 |
_aПросветители, български _9244645 |
|
| 650 | 4 |
_aАприлов, Васил Евстатиев _9367421 |
|
| 650 | 4 |
_aБългария - образование и просвета _9274208 |
|
| 651 | 4 |
_aБългария _9241624 |
|
| 653 | _aпросветители | ||
| 653 | _aВасил Априлов | ||
| 653 | _aюбилеи | ||
| 659 | _aЦ | ||
| 852 |
_aРб 889 _bРц |
||
| 856 | 4 | _qpdf | |
| 856 | 4 | _qpdf | |
| 942 |
_cKNG _n0 _s1 |
||
| 944 |
_aCR _c23.02.2012 _lМоника Янева _k30570 |
||
| 944 |
_aED _c04.11.2013 _lф / 23.02.2012 |
||
| 999 | _d122173 | ||
| 999 | _d122173 | ||